Estatísticas para Países que não fazem fronteiras

Clique aqui para jogar o quiz

Estatísticas Gerais

  • Esse quiz foi jogado 159 vezes
  • A pontuação média é 8 de 15

Estatísticas das Respostas

QuestãoResposta% Correto
PERUArgentina
80%
INDONÉSIATailândia
76%
ZIMBÁBUENamíbia
69%
HONDURASBelize
67%
RÚSSIAMoldávia
67%
ITÁLIAMônaco
64%
BRASILEquador
63%
CROÁCIAItália
48%
POLÔNIALetônia
46%
TAJIQUISTÃOPaquistão
45%
ISRAELArábia Saudita
44%
CHINABangladesh
35%
UGANDABurundi
35%
ARMÊNIARússia
25%
CHADESudão do Sul
21%

Distribuição das Pontuações

Percentil de Números Respondidos

Porcentagem de Pessoas com Cada Pontuação

Sua Pontuação Histórica

Você não jogou esse quiz